000 00254nam a2200121 i 4500
001 bg
245 0 _aOxford history of Britain.
260 _aOxford,
_c1990.
040 _cBPK
041 _apol
942 _cKS
008 s pl f |000 0 pol
999 _c4430
_d4430
856 _uhttp://koha.tu.koszalin.pl/cgi-bin/koha/opac-detail.pl?biblionumber=4430
_yKatalog online BPK